000 00292nam a2200133 i 4500
001 bg
100 1 _aREZNIKOV, A. N.
245 0 _aTepłofizyka /
_cA.N. Reznikov.
260 _aMoskva,
_c1969.
040 _cBPK
041 _apol
942 _cKS
008 s pl f |000 0 pol
999 _c12651
_d12651
856 _uhttp://koha.tu.koszalin.pl/cgi-bin/koha/opac-detail.pl?biblionumber=12651
_yKatalog online BPK